| 000 | 00477nam a2200169Ia 4500 | ||
|---|---|---|---|
| 999 |
_c4853 _d4853 |
||
| 020 | _a0-19-567637-8 | ||
| 082 | _a302.23 MAK- | ||
| 245 | 0 | _aMaking news: handbook of the media in contemporary India | |
| 260 |
_aNew Delhi _bOxford University Press _c2006 |
||
| 300 | _axxii, 281 | ||
| 650 |
_aMass media _zIndia |
||
| 650 |
_aElectronic news gathering _zIndia |
||
| 650 |
_aTelevision broadcating _zIndia |
||
| 650 | _aIndian newspapers | ||
| 700 | _aSahay, Uday | ||
| 942 | _cBK | ||